Bibliographie des ouvrages arabes ou relatifs aux arabes publiés dans l'Europe chrétienne de 1810 á 1885 / (Record no. 48215)

MARC details
000 -LEADER
campo de control de longitud fija 00723nam a22002175i 4500
001 - NÚMERO DE CONTROL
campo de control 48215
003 - IDENTIFICADOR DE NÚMERO DE CONTROL
campo de control ES-MaACL
005 - FECHA Y HORA DE LA ÚLTIMA TRANSACCIÓN
campo de control 20230906161720.0
007 - CAMPO FIJO DE DESCRIPCIÓN FÍSICA--INFORMACIÓN GENERAL
campo de control de longitud fija t|
008 - DATOS DE LONGITUD FIJA--INFORMACIÓN GENERAL
campo de control de longitud fija 950707s1892 be ||||1| fre d
040 ## - FUENTE DE CATALOGACIÓN
Centro catalogador/agencia de origen CAM
Lengua de catalogación spa
Centro/agencia transcriptor CAM
100 1# - ENTRADA PRINCIPAL--NOMBRE DE PERSONA
Nombre de persona Chauvin, Victor.
9 (RLIN) 38231
245 10 - MENCIÓN DEL TÍTULO
Título Bibliographie des ouvrages arabes ou relatifs aux arabes publiés dans l'Europe chrétienne de 1810 á 1885 /
Mención de responsabilidad, etc. par Victor Chauvin.
260 ## - PUBLICACIÓN, DISTRIBUCIÓN, ETC.
Lugar de publicación, distribución, etc. Liége :
Nombre del editor, distribuidor, etc. [s.n.],
Fecha de publicación, distribución, etc. 1892 (
Fabricante imprimerie H. Vaillant-Carmanne)
300 ## - DESCRIPCIÓN FÍSICA
Extensión 11 v. ;
Dimensiones 26 cm.
650 #4 - PUNTO DE ACCESO ADICIONAL DE MATERIA--TÉRMINO DE MATERIA
Término de materia o nombre geográfico como elemento de entrada Literatura árabe-
Subdivisión de forma Bibliografías.
9 (RLIN) 136438
655 #7 - TERMINO DE INDIZACIÓN--GENERO/FORMA
Fuente del término tgfbne
9 (RLIN) 226825
Datos o término principal de género/forma Bibliografías
852 ## - LOCALIZACIÓN
Ubicación ES-MaACL
Número de control de estantería G-6479-89
942 ## - ELEMENTOS DE ENTRADA SECUNDARIOS (KOHA)
Fuente del sistema de clasificación o colocación Clasificación decimal universal
Holdings
Estatus retirado Estado de pérdida Estado de daño No para préstamo Colección Biblioteca de origen Biblioteca actual Ubicación en estantería Fecha de adquisición Fuente de adquisición Total de préstamos Signatura topográfica completa Código de barras Visto por última vez Precio de reemplazo Tipo de ítem Koha
        Libros del s. XIX Biblioteca del Ateneo de Madrid Biblioteca del Ateneo de Madrid Depósito 2 17/01/2008     G-6479-89 1050742 23/02/2023 23/02/2023 Libro impreso antiguo